BIBLIOTHÈQUE DE LA MAISON DU MEXIQUE

Logo 1 Logo 2

Los amantes de Teruel. La jura en Santa Gadea (notice nᵒ 11804)

détails MARC
000 -Sello discográfico
campo de control de longitud fija 00957nam a2200337 4500
005 - Identificación de versión
campo de control 20250925141615.0
035 ## - Otros números de control del sistema
Número de control del sistema 4025
099 ## - fechas locales
Tipo de ítem Koha LIBRO
100 ## - Datos de procesamiento general
Datos de procesamiento general 20040927d1947 m y1spay5003 ba
105 ## - Campo de datos codificados: Material textual, monográfico
Datos codificados de monografía y 001ay
200 1# - Título y mención de responsabilidad
Título propio Los amantes de Teruel. La jura en Santa Gadea
Designación general del material texto impreso
Primer mención de responsabilidad J.E. Hartzenbusch
Declaración de responsabilidad subsiguiente introducción y notas Alvaro Gil Albacete
210 ## - Publicación, distribución, etc.
Lugar de publicación, distribución, etc. Madrid
Nombre del editor, distribuidor, etc. Espasa - Calpe
Fecha de publicación, distribución, etc. 1947
215 ## - Descripción física
Designación de material específico y extensión del ítem XXXVII + 209 p
Dimensiones 19 cm
318 ## - Nota de acción
Acción No se presta a domicilio
345 ## - Nota de información de adquisición
Fuente de adquisición/dirección de la suscripción [OBSOLETO] Donación
410 #1 - Series
Título Clásicos Castellanos
Número de volumen 113
676 ## - Clasificación Decimal Dewey
Número R860 C614 v.113
700 ## - Nombre personal - Responsabilidad primaria
Elemento de entrada Hartzenbusch
Parte del nombre distinta del elemento de entrada Juan Eugenio
Fechas 1806-1880
Número Koha 18458
702 ## - Nombre personal - Responsabilidad secundaria
Elemento de entrada Gil Albacete
Parte del nombre distinta del elemento de entrada Alvaro
Número Koha 18459
801 #0 - Fuente de origen
Agencia cm
900 ## -
-- 1/8131
900 ## -
-- 7100419897\270904
942 ## - ELEMENTOS DE ENTRADA SECUNDARIOS (KOHA)
Tipo de ítem Koha Livre

Pas d'exemplaire disponible.